ទេពអប្សរតូច / (Record no. 1340)

MARC details
000 -LEADER
fixed length control field 01664nam a22002777a 4500
005 - DATE AND TIME OF LATEST TRANSACTION
control field 20240627112822.0
020 ## - INTERNATIONAL STANDARD BOOK NUMBER
International Standard Book Number 9789995054410
040 ## - CATALOGING SOURCE
Original cataloging agency FISKH
Language of cataloging eng
Transcribing agency FISKH
Modifying agency FISKH
082 ## - DEWEY DECIMAL CLASSIFICATION NUMBER
Classification number 398.209595
100 ## - MAIN ENTRY--PERSONAL NAME
Personal name Sontipheap, Lim
245 ## - TITLE STATEMENT
Title ទេពអប្សរតូច /
Statement of responsibility, etc. និពន្ធដោយ លឹម សន្តិភាព - គូររូបដោយ ញឹក សុផាលាភ
250 ## - EDITION STATEMENT
Edition statement បោះពុម្ពលើកទី ១០ ខែកញ្ញា ឆ្នាំ ២០២១
260 ## - PUBLICATION, DISTRIBUTION, ETC.
Place of publication, distribution, etc. Phnom Penh :
Name of publisher, distributor, etc. Sipar,
Date of publication, distribution, etc. 2021.
300 ## - PHYSICAL DESCRIPTION
Extent 28 pages :
Other physical details color illustrations ;
Dimensions 24 cm
490 ## - SERIES STATEMENT
Series statement ខ្ញុំចង់អាន
505 ## - FORMATTED CONTENTS NOTE
Formatted contents note P<br/>
520 ## - SUMMARY, ETC.
Summary, etc. ករុណាជាទេពអប្សរតូច ដែលបានជួយជិវិតមនុស្សលោក។ វាខុសនឹងច្បាប់ទេវតាដែលចែងថា​​​ «ទេវតា គ្មានសិទ្ធលូកដៃក្នុងរឿងមនុស្សលោក»។ ក្រោយមកនាងមិនត្រូវបានដាក់ទោសនោះទេ។
520 ## - SUMMARY, ETC.
Summary, etc. Karuna is a little fairy who saves human life. It is against the law of angels, which states, "Angels have no right to interfere in human affairs." Later on, she was not convicted.
521 ## - TARGET AUDIENCE NOTE
Target audience note 650<br/><br/>
Source Lexile estimate<br/>
521 ## - TARGET AUDIENCE NOTE
Target audience note P <br/>
Source Raz-Plus <br/>
650 ## - SUBJECT ADDED ENTRY--TOPICAL TERM
Topical term or geographic name entry element ទេពអប្សរ
Form subdivision ជួយសង្គ្រោះ
General subdivision ដាក់ទោស
650 ## - SUBJECT ADDED ENTRY--TOPICAL TERM
Topical term or geographic name entry element Angel
Form subdivision Help
General subdivision Convicted
700 ## - ADDED ENTRY--PERSONAL NAME
Personal name Sophealeap, Nhoek
Titles and other words associated with a name illustrator
942 ## - ADDED ENTRY ELEMENTS (KOHA)
Source of classification or shelving scheme Dewey Decimal Classification
Koha item type Books
Suppress in OPAC No
999 ## -
-- 1340
-- 1340
Holdings
Withdrawn status Lost status Source of classification or shelving scheme Damaged status Not for loan Collection Home library Current library Shelving location Date acquired Total Checkouts Full call number Barcode Date last seen Copy number Price effective from Koha item type Date last checked out
    Dewey Decimal Classification     Khmer Language Books / សៀវភៅភាសាខ្មែរ Footprints International School Library Network Toul Kork Campus Footprints International School Library Network Toul Kork Campus TK Campus, Room B402, Khmer Book Case 16, Shelves 112-123 / ទូរសៀវភៅខ្មែរលេខ ១៦​ ធ្នើរ ១១២ ដល់ ១២៣ បន្ទប់ B402 សាខាទួលគោក 08/18/2023   SON 398.209595 2023-0288 08/18/2023 1 08/18/2023 Khmer Books  
    Dewey Decimal Classification     Khmer Language Books / សៀវភៅភាសាខ្មែរ Footprints International School Library Network Toul Kork Campus Footprints International School Library Network Toul Kork Campus TK Campus, Room B402, Khmer Book Case 16, Shelves 112-123 / ទូរសៀវភៅខ្មែរលេខ ១៦​ ធ្នើរ ១១២ ដល់ ១២៣ បន្ទប់ B402 សាខាទួលគោក 08/18/2023 1 SON 398.209595 2023-0289 11/21/2025 2 08/18/2023 Khmer Books 10/28/2025
    Dewey Decimal Classification     Khmer Language Books / សៀវភៅភាសាខ្មែរ Footprints International School Library Network Toul Kork Campus Footprints International School Library Network Toul Kork Campus TK Old Khmer Books (Rear Hallway Shelf 3) 06/27/2024 3 SON 398.209595 FISTKG4A065 08/29/2025 3 06/27/2024 Khmer Books 08/07/2025
    Dewey Decimal Classification     Khmer Language Books / សៀវភៅភាសាខ្មែរ Footprints International School Library Network Toul Kork Campus Footprints International School Library Network Toul Kork Campus TK Old Khmer Books (Rear Hallway Shelf 3) 08/22/2025 1 SON 398.209595 FISTKG2A007 03/20/2026 4 08/22/2025 Khmer Books 03/11/2026
    Dewey Decimal Classification     Khmer Language Books / សៀវភៅភាសាខ្មែរ Footprints International School Library Network Toul Tom Poung Campus Footprints International School Library Network Toul Tom Poung Campus TTP Primary Khmer Bookshelves 09/16/2025   SON 398.209595 FIS04784 09/16/2025 5 09/16/2025 Khmer Books  
    Dewey Decimal Classification     Khmer Language Books / សៀវភៅភាសាខ្មែរ Footprints International School Library Network Toul Tom Poung Campus Footprints International School Library Network Toul Tom Poung Campus TTP Primary Khmer Bookshelves 11/11/2025   SON 398.209595 FISBK03814 11/11/2025 6 11/11/2025 Khmer Books  
    Dewey Decimal Classification     Khmer Language Books / សៀវភៅភាសាខ្មែរ Footprints International School Library Network Toul Tom Poung Campus Footprints International School Library Network Toul Tom Poung Campus TTP Primary Khmer Bookshelves 11/11/2025   SON 398.209595 FISBK03817 11/11/2025 7 11/11/2025 Khmer Books  
    Dewey Decimal Classification     Khmer Language Books / សៀវភៅភាសាខ្មែរ Footprints International School Library Network Toul Tom Poung Campus Footprints International School Library Network Toul Tom Poung Campus TTP Primary Khmer Bookshelves 12/05/2025   SON 398.209595 2025-5045 12/05/2025 8 12/05/2025 Khmer Books